| 000 | 00618nam a2200205Ii 4500 | ||
|---|---|---|---|
| 003 | JO-AjNU | ||
| 008 | 230606s9999||||xx |||||||||||||| ||und|| | ||
| 020 | _a978-81-89922-97-9 | ||
| 040 |
_aJO-AjNU _beng _erda _cJO-AjNU |
||
| 041 | _aeng | ||
| 050 | 1 | 4 | _aTA183 2014 |
| 100 | 3 |
_aSheikh , Abdullah , _eauthor _94433 |
|
| 245 | 0 | 0 | _aEstimating and Costing in Civil Engineering |
| 264 | 3 | 1 | _aNew Delhi:Venus Book ,2014 |
| 300 | _a288p | ||
| 336 |
_atext _btxt _2rdacontent |
||
| 337 |
_aunmediated _bn _2rdamedia |
||
| 338 |
_avolume _bnc _2rdacarrier |
||
| 650 | 4 |
_aEstimating and Costing in Civil Engineering _94434 |
|
| 999 |
_aE2302 _c2300 _d2300 |
||